Un mar de encuentros : el Caribe : arte, sociedad y cultura (siglos XV-XII) /
Wedi'i Gadw mewn:
| Awduron Eraill: | , |
|---|---|
| Fformat: | Electronig eLyfr |
| Iaith: | Sbaeneg |
| Cyhoeddwyd: |
Madrid : Huixquilucan, Estado de México, México : Zamora, Michoacán, México :
Ediciones Complutense ; Universidad Anáhuac México ; El Colegio de Michoacán,
[2023]
|
| Rhifyn: | Primera edición. |
| Cyfres: | Historia (Ediciones Complutense)
|
| Pynciau: | |
| Mynediad Ar-lein: | Digitalia Hispánica |
| Tagiau: |
Ychwanegu Tag
Dim Tagiau, Byddwch y cyntaf i dagio'r cofnod hwn!
|
MARC
| LEADER | 00000nam a2200000Ii 4500 | ||
|---|---|---|---|
| 001 | DIGCOMPLT0123 | ||
| 003 | NyNyDIG | ||
| 006 | m o d | ||
| 007 | cr ||||||||||| | ||
| 008 | 250103s2023 sp a ob 000 0 spa d | ||
| 035 | |a (OCoLC)1439563874 | ||
| 040 | |a DGITA |b eng |e rda |e pn |c DGITA | ||
| 020 | |a 9788466937993 |q pdf | ||
| 020 | |z 9788466937986 | ||
| 043 | |a cc----- |a e-sp--- | ||
| 050 | 1 | 4 | |a F2169 ebook |
| 245 | 0 | 3 | |a Un mar de encuentros : |b el Caribe : arte, sociedad y cultura (siglos XV-XII) / |c Manuel Gámez Casado y Alfredo Bueno Jiménez (eds.). |
| 250 | |a Primera edición. | ||
| 264 | 1 | |a Madrid : |b Ediciones Complutense ; |a Huixquilucan, Estado de México, México : |b Universidad Anáhuac México ; |a Zamora, Michoacán, México : |b El Colegio de Michoacán, |c [2023] | |
| 300 | |a 1 online resource : |b color illustrations. | ||
| 336 | |a text |b txt |2 rdacontent | ||
| 337 | |a computer |b c |2 rdamedia | ||
| 338 | |a online resource |b cr |2 rdacarrier | ||
| 347 | |a text file |2 rdaft | ||
| 347 | |b PDF | ||
| 490 | 1 | |a Historia ; |v 1 | |
| 504 | |a Includes bibliographical references. | ||
| 588 | 0 | |a Online resource; title from PDF title page (Digitalia, viewed January 3, 2025) | |
| 651 | 0 | |a Caribbean Area |x Civilization. | |
| 651 | 0 | |a Caribbean Area |x History |y To 1810. | |
| 651 | 0 | |a Spain |x Relations |z Caribbean Area. | |
| 651 | 0 | |a Caribbean Area |x Relations |z Spain. | |
| 700 | 1 | |a Gámez Casado, Manuel, |e editor. | |
| 700 | 1 | |a Bueno Jiménez, Alfredo, |e editor. | |
| 791 | 2 | |a Digitalia (Firm), |e distributor. | |
| 793 | 0 | |g Digitalia eBook Collection: |a Ediciones Complutense | |
| 776 | 0 | 8 | |i Print version: |t Mar de encuentros. |b Primera edición. |d Madrid : Ediciones Complutense ; ; |a Huixquilucan, Estado de México, México : Universidad Anáhuac México ; Zamora, Michoacán, México : El Colegio de Michoacán, [2023] |z 9788466937986 |
| 830 | 0 | |a Historia (Ediciones Complutense) | |
| 856 | 4 | 0 | |3 Digitalia Hispánica |u https://digitalia.unach.elogim.com/a/144657/ |
| 910 | |a Premium collection: 2025 | ||